<?xml version="1.0" encoding="UTF-8"?>
<record
    xmlns:xsi="http://www.w3.org/2001/XMLSchema-instance"
    xsi:schemaLocation="http://www.loc.gov/MARC21/slim http://www.loc.gov/standards/marcxml/schema/MARC21slim.xsd"
    xmlns="http://www.loc.gov/MARC21/slim">

  <leader>01284nmm a22002414a 4500</leader>
  <controlfield tag="003">BOLpUSFA</controlfield>
  <controlfield tag="005">20201007180010.0</controlfield>
  <controlfield tag="008">      t        cl     gq  d  000 f spa d</controlfield>
  <datafield tag="020" ind1=" " ind2=" ">
    <subfield code="a">9567808309</subfield>
  </datafield>
  <datafield tag="041" ind1=" " ind2=" ">
    <subfield code="a">spa</subfield>
  </datafield>
  <datafield tag="044" ind1=" " ind2=" ">
    <subfield code="c">CL</subfield>
  </datafield>
  <datafield tag="100" ind1=" " ind2=" ">
    <subfield code="a">Vanderschueren, Franz</subfield>
  </datafield>
  <datafield tag="245" ind1=" " ind2=" ">
    <subfield code="a">Prevenci&#xF3;n de la delincuencia juvenil : </subfield>
    <subfield code="b">an&#xE1;lisis de experiencias internacionales. </subfield>
    <subfield code="h">[recurso electr&#xF3;nico]</subfield>
  </datafield>
  <datafield tag="260" ind1=" " ind2=" ">
    <subfield code="a">Santiago de Chile:</subfield>
    <subfield code="b">Universidad Jesuita Alberto Hurtado, </subfield>
    <subfield code="c">2004.</subfield>
  </datafield>
  <datafield tag="300" ind1=" " ind2=" ">
    <subfield code="a">152 p.</subfield>
  </datafield>
  <datafield tag="520" ind1=" " ind2=" ">
    <subfield code="a">Este libro abarca los tres temas sobre prevenci&#xF3;n a la criminalidad que concierne a los j&#xF3;venes. El primer tema constituye un panorama general de las diversas interpretaciones de la causalidad de los comportamientos antisociales o delictuales de los j&#xF3;venes y presenta los principales enfoques y pr&#xE1;cticas de prevenci&#xF3;n desarrollados en varias regiones. El segundo se refiere al problema espec&#xED;fico de la violencia al interior de las escuelas; y el tercero, focaliza el problema de las pandillas.</subfield>
  </datafield>
  <datafield tag="650" ind1=" " ind2=" ">
    <subfield code="a">Adolescencia</subfield>
  </datafield>
  <datafield tag="650" ind1=" " ind2=" ">
    <subfield code="a">Comportamiento antisocial</subfield>
  </datafield>
  <datafield tag="650" ind1=" " ind2=" ">
    <subfield code="a">Violencia</subfield>
  </datafield>
  <datafield tag="700" ind1=" " ind2=" ">
    <subfield code="a">Lunecke, Alejandra</subfield>
  </datafield>
  <datafield tag="856" ind1=" " ind2=" ">
    <subfield code="u">http://biblioteca.usfa.edu.bo/cgi-bin/koha/opac-retrieve-file.pl?id=860f045ec202e4b418d694a78c59ea9e</subfield>
  </datafield>
  <datafield tag="942" ind1=" " ind2=" ">
    <subfield code="2">ddc</subfield>
    <subfield code="c">DOCE</subfield>
    <subfield code="z">LR; SML</subfield>
  </datafield>
  <datafield tag="999" ind1=" " ind2=" ">
    <subfield code="c">2730</subfield>
    <subfield code="d">2730</subfield>
  </datafield>
</record>
